01287nam a22003497a 4500001000400000003000600004005001700010008004100027010001700068020002500085040003000110042000900140050002300149082001600172100003600188245004900224260003300273300002100306500002300327505000600350520022900356521001800585521001900603650002200622650003200644650003100676650002300707906004500730942001500775999001300790952013400803256FISKH20230310163720.0230310b cb ||||| |||| 00| 0 eng d a 2008275286 a9780440411574 (pbk.) aDLCcDLCdDLCdFISKHbeng alcac00aPZ7.M992bDar 200800a808.8992221 aMyers, Walter Dean,d1937-2014.10aDarnell Rock reporting /cWalter Dean Myers. aNew York :bYearling,c2008. a135 p. ;c20 cm. a"A Yearling book." aM aThirteen-year-old Darnell's twin sister and the other members of the Corner Crew have doubts about his work on the school newspaper, but the article he writes about a homeless man gives him a positive attitude toward school.0 a710 bLexile1 aM bRaz-Plus 1aSchoolsvFiction. 1aAfrican AmericansvFiction. 1aHomeless personsvFiction. 1aSiblingsvFiction. a7bcbccorigcopd2encipf20gy-gencatlg 2ddccBKn0 c256d256 00102ddc40708JUVFa001b001cTK Oranged2023-03-10l0oMYE 808.899 PZ7.M992 pFISTK05415r2023-03-10 00:00:00w2023-03-10yBK